000
nam a22 7a 4500
999
_c
54045
_d
54045
003
OSt
005
20220728153445.0
008
220728b xxu||||| |||| 00| 0 eng d
040
_c
IIMT UNIVERSITY, MEERUT
100
_a
GEETA PRES
245
_a
KALYAN , SHILANG
260
_a
GEETA PRESS
_b
GORAKHPUR
300
_a
472
942
_2
ddc
_c
09